[Event "GRENKE Chess Open 2017"]
[Site "Karlsruhe GER"]
[Date "2017.04.14"]
[Round "2.28"]
[White "Gohil,H"]
[Black "Markowski,T"]
[Result "0-1"]
[WhiteElo "2286"]
[BlackElo "2574"]

1.d4 c5 2.d5 d6 3.e4 g6 4.Nc3 Bg7 5.Nf3 Nf6 6.Be2 O-O 7.O-O Bg4 8.h3 Bxf3
9.Bxf3 Na6 10.Bf4 Nd7 11.Qd2 Nc7 12.Be2 a6 13.a4 b6 14.Bh6 Nf6 15.Bxg7 Kxg7
16.Rfb1 b5 17.axb5 axb5 18.Nxb5 Nxb5 19.Bxb5 Nxe4 20.Qe2 Rxa1 21.Rxa1 Nf6
22.Bc6 Qc7 23.Ra6 Rb8 24.b3 Rb4 25.Qf3 Re4 26.Qc3 Qc8 27.Ra4 Qf5 28.Qd2 h5
29.f3 Re5 30.b4 cxb4 31.Rxb4 Nxd5 32.Bxd5 Rxd5 33.Qe2 Qf6 34.Re4 e6 35.Kh2 Qa1
36.Qc4 Rd2 37.Kg3 d5 38.Qb4 Rxc2 39.Re1 Qf6 40.h4 Rc4 {#R} 0-1

[Event "GRENKE Chess Open 2017"]
[Site "Karlsruhe GER"]
[Date "2017.04.14"]
[Round "2.29"]
[White "Svetushkin,D"]
[Black "Reimanis,R"]
[Result "1-0"]
[WhiteElo "2574"]
[BlackElo "2285"]

1.e4 c5 2.Nf3 Nc6 3.Bb5 g6 4.Bxc6 bxc6 5.O-O Bg7 6.Re1 Nh6 7.c3 O-O 8.h3 f6
9.d4 cxd4 10.cxd4 Nf7 11.Nc3 d6 12.b3 Qa5 13.Bb2 Qh5 14.Ne2 Ng5 15.Nxg5 fxg5
16.Ng3 Qh4 17.Qc2 g4 18.hxg4 Bxg4 19.d5 Bxb2 20.Qxb2 c5 21.e5 Bf5 22.Qd2 Rab8
23.Qa5 Bd3 24.Qxa7 Rxf2 25.Qxb8+ Rf8 26.Qxf8+ Kxf8 27.Nh1 dxe5 28.Nf2 e4
29.Rad1 Kg7 30.a4 Bb1 31.Rxb1 {#r} 1-0

[Event "GRENKE Chess Open 2017"]
[Site "Karlsruhe GER"]
[Date "2017.04.14"]
[Round "2.30"]
[White "Muckle,Julius"]
[Black "Moussard,J"]
[Result "0-1"]
[WhiteElo "2283"]
[BlackElo "2573"]

1.d4 Nf6 2.c4 d6 3.Nc3 e5 4.d5 Be7 5.e4 O-O 6.g3 c6 7.Bg2 a5 8.Nge2 Na6 9.O-O
Bd7 10.dxc6 bxc6 11.Kh1 Qc8 12.f4 Bh3 13.Bxh3 Qxh3 14.Ng1 Qc8 15.Nf3 Nc5
16.Qe2 Re8 17.f5 Qb7 18.Bg5 Ra6 19.Rad1 Rb6 20.b3 a4 21.Bxf6 Bxf6 22.bxa4 Rb2
23.Qe3 Be7 24.f6 Bxf6 25.Rxd6 Ne6 26.Rfd1 h6 27.R6d2 Rb4 28.Rd7 Qa6 29.Nd2 Bg5
30.Qf2 Rf8 31.Ra7 Qc8 32.Rf1 Rb2 33.Ncb1 Bxd2 34.Nxd2 Ng5 35.Qe3 Qh3 36.Rg1
Rd8 37.Nf1 Rd1 38.Ra8+ Kh7 39.Rf8 {#R} 0-1

[Event "GRENKE Chess Open 2017"]
[Site "Karlsruhe GER"]
[Date "2017.04.14"]
[Round "2.31"]
[White "Svane,R"]
[Black "Siedentopf,D"]
[Result "1-0"]
[WhiteElo "2573"]
[BlackElo "2281"]

1.d4 f5 2.c4 Nf6 3.Nc3 d6 4.Bg5 Nbd7 5.Qc2 g6 6.h4 h6 7.Bd2 e5 8.e3 Bg7 9.h5
Nxh5 10.g4 Nhf6 11.gxf5 exd4 12.exd4 g5 13.O-O-O O-O 14.Nge2 c6 15.Ng3 a6
16.Bg2 Re8 17.Bf3 Re7 18.Rde1 Nf8 19.d5 c5 20.Nce4 Nxe4 21.Bxe4 Nh7 {#r} 1-0

[Event "GRENKE Chess Open 2017"]
[Site "Karlsruhe GER"]
[Date "2017.04.14"]
[Round "2.33"]
[White "Danin,A"]
[Black "Ehmann,Thilo"]
[Result "1-0"]
[WhiteElo "2564"]
[BlackElo "2277"]

1.e4 c5 2.Nf3 Nc6 3.d4 cxd4 4.Nxd4 g6 5.c4 Bg7 6.Nc2 Nf6 7.Nc3 O-O 8.Be2 d6
9.O-O Nd7 10.Bd2 a5 11.Na3 Nc5 12.Nab5 Be6 13.Be3 a4 14.f3 Qa5 15.Rc1 Na7
16.Na3 Nc6 17.Qd2 Rfc8 18.Rfd1 Nb4 19.Nab5 Qd8 20.Nd4 Nc6 21.Ndb5 Na7 22.Na3
Nc6 23.Bf1 Nb4 24.Nab5 Bf6 25.Kh1 Bg7 26.Qf2 Qf8 27.Qd2 Bf6 28.Rb1 Bg7 29.b3
axb3 30.axb3 Bd7 31.Nd4 Ne6 32.Ndb5 Bxb5 33.Nxb5 Nc6 34.b4 Ra4 35.c5 dxc5
36.bxc5 Ne5 37.Nc3 Raa8 38.Nd5 Rab8 39.Rb5 Rd8 40.Rdb1 Nd7 {#r} 1-0

[Event "GRENKE Chess Open 2017"]
[Site "Karlsruhe GER"]
[Date "2017.04.14"]
[Round "2.35"]
[White "Sumets,A"]
[Black "Baltic,Fatih"]
[Result "1-0"]
[WhiteElo "2559"]
[BlackElo "2275"]

1.d4 Nf6 2.c4 e6 3.Nf3 Bb4+ 4.Nbd2 O-O 5.a3 Be7 6.e4 d5 7.e5 Nfd7 8.Bd3 c5
9.O-O Nc6 10.Re1 a5 11.Bc2 Re8 12.h3 Qb6 13.cxd5 exd5 14.e6 fxe6 15.Rxe6 Nf8
16.dxc5 Qxc5 17.Nb3 Qb6 18.Re2 Be6 19.Be3 Qc7 20.Rc1 Bf7 21.Nbd4 Qd6 22.Ba4
Nxd4 23.Nxd4 Red8 24.Nf5 Qf6 25.Nxe7+ Qxe7 26.Bb6 Qd6 27.Bxd8 Rxd8 28.Rec2 Ne6
29.Rc8 g6 30.Qd2 Kg7 31.Rxd8 Qxd8 32.Bb3 Ng5 33.Qd4+ Qf6 34.Qxf6+ Kxf6 35.Rc7
{#r} 1-0

[Event "GRENKE Chess Open 2017"]
[Site "Karlsruhe GER"]
[Date "2017.04.14"]
[Round "2.40"]
[White "Baron,Ta"]
[Black "Gibicar,D"]
[Result "1-0"]
[WhiteElo "2528"]
[BlackElo "2270"]

1.d4 Nf6 2.c4 c5 3.d5 b5 4.cxb5 a6 5.bxa6 g6 6.Nc3 Bxa6 7.e4 Bxf1 8.Kxf1 d6
9.Nf3 Bg7 10.g3 O-O 11.Kg2 Nbd7 12.a4 Ra6 13.Re1 Qa8 14.Ra3 Rc8 15.b3 e6
16.dxe6 fxe6 17.Ra2 d5 18.exd5 exd5 19.Rae2 d4 20.Nb5 Nd5 21.Kg1 N7f6 22.Ng5
Rb6 23.Qd2 Bh6 24.h4 Nb4 25.Qd1 Nbd5 26.Re5 {#r} 1-0

[Event "GRENKE Chess Open 2017"]
[Site "Karlsruhe GER"]
[Date "2017.04.14"]
[Round "2.43"]
[White "Moskalenko,A"]
[Black "Von Meijenfeldt,Bart"]
[Result "1-0"]
[WhiteElo "2514"]
[BlackElo "2265"]

1.d4 Nf6 2.c4 g6 3.Nc3 Bg7 4.g3 O-O 5.Bg2 d6 6.Nf3 Nc6 7.O-O a6 8.Qd3 Nd7 9.b3
e5 10.Be3 Nf6 11.dxe5 Bf5 12.exf6 Bxd3 13.fxg7 Kxg7 14.exd3 Qd7 15.d4 Rae8
16.d5 Ne5 17.Nxe5 dxe5 18.Bc5 Rg8 19.f4 b6 20.Be3 f6 21.fxe5 Rxe5 22.Bd4 Rf5
23.Ne4 Rf8 24.Rxf5 gxf5 25.Bh3 {#r} 1-0

[Event "GRENKE Chess Open 2017"]
[Site "Karlsruhe GER"]
[Date "2017.04.14"]
[Round "2.44"]
[White "Petkidis,A"]
[Black "Lampert,J"]
[Result "0-1"]
[WhiteElo "2264"]
[BlackElo "2511"]

1.e4 e5 2.Nf3 Nc6 3.Bc4 Nf6 4.d3 Bc5 5.c3 a6 6.a4 O-O 7.O-O d5 8.exd5 Nxd5
9.a5 Bf5 10.Re1 Nf6 11.Qc2 Qd6 12.b4 Ba7 13.Nbd2 Rad8 14.Ne4 Nxe4 15.dxe4 Be6
16.Bf1 Bg4 17.Be3 Bxf3 18.gxf3 Qf6 19.Kg2 Rd6 20.Rad1 Rfd8 21.Rxd6 Rxd6 22.Bc4
Qh4 23.Qe2 Qd8 24.f4 Qh4 25.Bxa7 Rh6 26.Qf3 Qxh2+ 27.Kf1 Rh3 28.Qg4 Nxa7
29.Qf5 Qh1+ 30.Ke2 Qf3+ 31.Kd2 Qxc3+ 32.Kd1 Qd4+ {#R} 0-1

[Event "GRENKE Chess Open 2017"]
[Site "Karlsruhe GER"]
[Date "2017.04.14"]
[Round "3.2"]
[White "Kessler,L"]
[Black "Matlakov,M"]
[Result "0-1"]
[WhiteElo "2433"]
[BlackElo "2707"]

1.c4 e5 2.Nc3 Nf6 3.e3 Nc6 4.Nf3 Bb4 5.Qc2 O-O 6.Nd5 Bc5 7.d3 d6 8.Nc3 Ne7
9.Be2 Ng6 10.O-O a6 11.a3 Ba7 12.b4 Re8 13.Bb2 c6 14.Ne4 d5 15.Nxf6+ Qxf6
16.cxd5 cxd5 17.Rfe1 Bd7 18.Rac1 d4 19.Qd2 dxe3 20.fxe3 Bc6 21.Kh1 Rad8 22.Bd1
Qd6 23.Bc2 Bxf3 24.gxf3 Qd5 25.Qe2 Re6 26.Rg1 Nh4 27.Rcf1 Rg6 28.Rxg6 hxg6
29.e4 Qe6 30.f4 exf4 31.Rxf4 g5 32.Rf1 Ng6 33.Qh5 Be3 34.Rf5 Qa2 {#R} 0-1

[Event "GRENKE Chess Open 2017"]
[Site "Karlsruhe GER"]
[Date "2017.04.14"]
[Round "3.6"]
[White "Bracker,F"]
[Black "Moiseenko,A1"]
[Result "0-1"]
[WhiteElo "2416"]
[BlackElo "2670"]

1.e4 c5 2.Nf3 Nc6 3.d4 cxd4 4.Nxd4 e5 5.Nb5 d6 6.N1c3 a6 7.Na3 Be7 8.Nc4 b5
9.Ne3 Nf6 10.g3 b4 11.Ncd5 Nxe4 12.Bg2 f5 13.g4 Bh4 14.O-O Bxf2+ 15.Rxf2 Nxf2
16.Kxf2 fxg4 17.Kg1 O-O 18.Nxg4 Qh4 19.Nde3 Bd7 20.h3 Rad8 21.Bd2 Nd4 22.Be1
Qg5 23.Bd5+ Kh8 24.c3 bxc3 25.bxc3 Ne6 26.Bxe6 Bxe6 27.Ng2 Qh5 28.Nf2 Rf3
29.Rb1 Qf7 30.Rb6 Rf8 31.Qxd6 Rxf2 32.Bxf2 Qxf2+ 33.Kh2 Bg8 34.Rxa6 Rf6 35.Qa3
Bd5 36.Ra8+ Bxa8 37.Qxa8+ Rf8 38.a4 {#R} 0-1

[Event "GRENKE Chess Open 2017"]
[Site "Karlsruhe GER"]
[Date "2017.04.14"]
[Round "3.7"]
[White "Malek,Da"]
[Black "Kovalenko,I"]
[Result "0-1"]
[WhiteElo "2408"]
[BlackElo "2659"]

1.d4 Nf6 2.Bg5 d5 3.e3 Nbd7 4.Nf3 c5 5.c3 Qb6 6.Qc2 g6 7.Nbd2 Bg7 8.Bd3 O-O
9.O-O Re8 10.h3 Nf8 11.Rfe1 Ne6 12.Bh4 Bd7 13.Ne5 Bc6 14.Bg3 Rac8 15.Nxc6 bxc6
16.Be5 Nd7 17.Bxg7 Kxg7 18.Rab1 cxd4 19.exd4 c5 20.dxc5 Nexc5 21.Be2 e5 22.c4
Ne6 23.Bf1 Nd4 24.Qd1 Qa5 25.a3 Nf6 26.Rc1 Rcd8 27.cxd5 Qxd5 28.Qa4 e4 29.Nc4
Qg5 30.Kh1 Qf4 31.Kg1 Qg5 32.Kh1 h5 33.Ne3 Ng4 34.Nxg4 hxg4 35.Rc4 Qf6 36.Rd1
Nf5 37.Rxd8 Rxd8 38.Kg1 g3 39.Rxe4 gxf2+ 40.Kxf2 Qb6+ 41.Kf3 Rd2 {#R} 0-1

[Event "GRENKE Chess Open 2017"]
[Site "Karlsruhe GER"]
[Date "2017.04.14"]
[Round "3.12"]
[White "Colpe,M"]
[Black "Banusz,T"]
[Result "0-1"]
[WhiteElo "2402"]
[BlackElo "2613"]

1.d4 d5 2.Bf4 Nf6 3.e3 c5 4.c3 Nc6 5.Nd2 e6 6.Ngf3 cxd4 7.exd4 Nh5 8.Be3 Bd6
9.Ne5 g6 10.Be2 Ng7 11.Nd3 f6 12.Qb3 Qc7 13.g3 Nf5 14.Bg4 Nxe3 15.fxe3 f5
16.Bf3 Bd7 17.Rc1 Rc8 18.Qd1 Na5 19.b3 b5 20.Qe2 Nc6 21.O-O Ba3 22.Rcd1 a5
23.Kh1 Ne7 24.b4 axb4 25.cxb4 Qd6 26.Rb1 Nc6 27.Nb3 Nxb4 28.Ne5 Na6 29.g4 Nc7
30.Rg1 Qe7 31.gxf5 exf5 32.Na5 Bd6 33.Nac6 Bxc6 34.Nxc6 Qd7 35.Nb4 Bxb4
36.Rxb4 Qe7 37.Rb3 O-O 38.Rc1 Rcd8 39.Rc5 Rd7 40.Qg2 f4 41.Rcc3 Qf6 42.Qg4
Rdf7 43.Qg2 Kh8 {#R} 0-1

[Event "GRENKE Chess Open 2017"]
[Site "Karlsruhe GER"]
[Date "2017.04.14"]
[Round "3.15"]
[White "Onischuk,V"]
[Black "Beikert,G"]
[Result "1-0"]
[WhiteElo "2599"]
[BlackElo "2408"]

1.e4 e5 2.Nf3 Nc6 3.Bc4 Bc5 4.d3 Nf6 5.O-O a6 6.Bb3 h6 7.c3 Ba7 8.Nbd2 O-O
9.Re1 Re8 10.Nf1 Na5 11.Bc2 d5 12.exd5 Qxd5 13.h3 Bf5 14.Ng3 Bh7 15.Qe2 Rad8
16.b4 Nc6 17.Ne4 Qe6 18.Nxf6+ Qxf6 19.Bb2 Bg6 20.Nd2 Bxd3 21.Bxd3 Rxd3 22.Ne4
Qd8 23.Qg4 Re6 24.Rad1 Rg6 25.Qh5 Qd5 26.Rxd3 Qxd3 27.a4 Qd5 28.Bc1 Ne7 29.Bg5
Qe6 30.Bxe7 Qxe7 31.Rd1 a5 32.bxa5 c6 33.Rd2 Bb8 34.Qd1 Qh4 35.Qf3 Qe7 36.Qd1
Qh4 37.Rd8+ Kh7 38.Qd3 Ba7 39.Rf8 Qf4 40.g3 Bxf2+ 41.Nxf2 Qxg3+ 42.Qxg3 Rxg3+
43.Kf1 f6 {#r} 1-0

[Event "GRENKE Chess Open 2017"]
[Site "Karlsruhe GER"]
[Date "2017.04.14"]
[Round "3.17"]
[White "Englert,F"]
[Black "Erdos,V"]
[Result "0-1"]
[WhiteElo "2387"]
[BlackElo "2593"]

1.d4 Nf6 2.Nf3 d5 3.Bf4 c5 4.e3 Nc6 5.Nbd2 e6 6.c3 Nh5 7.Bg5 Qb6 8.Qb3 h6
9.Bh4 g5 10.Bg3 Nxg3 11.hxg3 Bg7 12.Bd3 c4 13.Qxb6 axb6 14.Bc2 b5 15.b4 Bd7
16.O-O Kd8 17.e4 Kc7 18.e5 f6 19.exf6 Bxf6 20.Rfe1 g4 21.Ne5 Nxe5 22.dxe5 Bg5
23.Nb1 h5 24.a3 Bc6 25.Ra2 Rad8 26.Re2 h4 27.a4 hxg3 28.fxg3 bxa4 29.Bxa4 b5
30.Bd1 Kb6 31.Re1 d4 {#R} 0-1

[Event "GRENKE Chess Open 2017"]
[Site "Karlsruhe GER"]
[Date "2017.04.14"]
[Round "3.18"]
[White "Bogner,S"]
[Black "Seyb,A"]
[Result "1-0"]
[WhiteElo "2592"]
[BlackElo "2407"]

1.d4 Nf6 2.c4 g6 3.Nc3 d5 4.cxd5 Nxd5 5.e4 Nxc3 6.bxc3 Bg7 7.Qa4+ Nd7 8.Nf3 c5
9.Be2 O-O 10.O-O cxd4 11.cxd4 Nc5 12.dxc5 Bd7 13.Qb4 Bxa1 14.Bh6 Bh8 15.Bxf8
Qxf8 16.Qxb7 Qe8 17.Qa6 Qc8 18.Qa5 Qc6 19.Rd1 Qa4 20.Qc7 Bc6 21.e5 {#r} 1-0

[Event "GRENKE Chess Open 2017"]
[Site "Karlsruhe GER"]
[Date "2017.04.14"]
[Round "3.19"]
[White "Rosner,J"]
[Black "Indjic,A"]
[Result "0-1"]
[WhiteElo "2386"]
[BlackElo "2589"]

1.e4 c5 2.Nf3 d6 3.Bb5+ Nd7 4.d4 cxd4 5.Qxd4 Nf6 6.Nc3 e5 7.Qd3 h6 8.Be3 a6
9.Bc4 b5 10.Bd5 Rb8 11.a4 Nxd5 12.Nxd5 Nf6 13.Nxf6+ Qxf6 14.axb5 Rxb5 15.O-O
Be7 16.b3 O-O 17.c4 Rb8 18.Nd2 Qg6 19.f3 h5 20.Kh1 h4 21.Rab1 f5 22.h3 Kh7
23.b4 fxe4 24.fxe4 Rxf1+ 25.Qxf1 Bb7 26.Qd3 Rd8 27.Bb6 Rf8 28.Re1 d5 29.Bc5
Bxc5 30.bxc5 Rf2 31.Rg1 d4 32.Nf3 Qg3 33.Ne1 Qf4 34.Nf3 Kh6 35.Re1 Qg3 36.Rg1
Bc6 37.Ne1 Qf4 38.Qa3 Bxe4 39.Qxa6+ Kh7 40.Qe6 d3 {#R} 0-1

[Event "GRENKE Chess Open 2017"]
[Site "Karlsruhe GER"]
[Date "2017.04.14"]
[Round "3.25"]
[White "Moussard,J"]
[Black "Kvetny,M"]
[Result "1-0"]
[WhiteElo "2573"]
[BlackElo "2377"]

1.Nf3 d5 2.g3 c5 3.Bg2 Nf6 4.O-O e6 5.d4 cxd4 6.Nxd4 e5 7.Nb3 Be6 8.Nc3 Be7
9.f4 exf4 10.gxf4 g6 11.Kh1 Nc6 12.Be3 O-O 13.Nd4 Nxd4 14.Bxd4 Qd7 15.f5 gxf5
16.Qd2 Qd8 17.Qh6 Kh8 18.Bh3 Rg8 19.Bxf5 Bxf5 20.Rxf5 Rg6 21.Qf4 Kg8 22.Rf1
{#r} 1-0

[Event "GRENKE Chess Open 2017"]
[Site "Karlsruhe GER"]
[Date "2017.04.14"]
[Round "3.26"]
[White "Coenen,M"]
[Black "Svane,R"]
[Result "0-1"]
[WhiteElo "2375"]
[BlackElo "2573"]

1.e4 c6 2.d4 d5 3.Nc3 dxe4 4.Nxe4 Bf5 5.Ng3 Bg6 6.h4 h6 7.Nf3 e6 8.h5 Bh7
9.Bd3 Bxd3 10.Qxd3 Nf6 11.Bd2 Be7 12.O-O-O Nbd7 13.Rhe1 O-O 14.Qe2 Qb6 15.Nf5
Bb4 16.Ng3 Bxd2+ 17.Qxd2 c5 18.Ne4 cxd4 19.Nxd4 Nxe4 20.Rxe4 Nf6 21.Re5 Rfd8
22.c3 Rac8 23.Kb1 Ng4 24.Re4 f5 25.Rxg4 fxg4 26.Re1 Rd5 27.Qe2 Rf8 28.f3 gxf3
29.gxf3 Qd6 30.Qc4 Re8 31.f4 Kh8 32.f5 e5 33.Re2 Qd7 34.Ne6 b5 35.Qe4 b4
36.Kc2 bxc3 37.bxc3 Ra5 38.Kb1 Qd1+ 39.Kb2 Rb8+ {#R} 0-1

[Event "GRENKE Chess Open 2017"]
[Site "Karlsruhe GER"]
[Date "2017.04.14"]
[Round "3.30"]
[White "Henderson de La Fuente,Lance"]
[Black "Sumets,A"]
[Result "0-1"]
[WhiteElo "2372"]
[BlackElo "2559"]

1.e4 e6 2.d4 d5 3.Nd2 dxe4 4.Nxe4 Nd7 5.Nf3 Ngf6 6.Bg5 h6 7.Nxf6+ Nxf6 8.Bh4
c5 9.Be2 cxd4 10.Nxd4 Bc5 11.Nb3 Bd6 12.Bb5+ Ke7 13.Qe2 a6 14.Bd3 b5 15.Be4
Rb8 16.O-O-O Qc7 17.Nd4 Bd7 18.Rhe1 Rhd8 19.Kb1 g5 20.Bg3 Bf4 21.Bf3 Bxg3
22.Nf5+ Kf8 23.Nxg3 Be8 24.h4 gxh4 25.Ne4 Qe5 26.Nxf6 Qxf6 27.Qe4 Rxd1+
28.Rxd1 Rd8 29.Rh1 Rd4 30.Qe3 b4 31.c3 bxc3 32.Qxc3 Bb5 33.Rc1 Kg7 34.b3 e5
35.Rd1 Rxd1+ 36.Bxd1 Bc6 37.f3 e4 38.Qe3 exf3 39.gxf3 h3 {#R} 0-1

[Event "GRENKE Chess Open 2017"]
[Site "Karlsruhe GER"]
[Date "2017.04.14"]
[Round "3.31"]
[White "Ruck,R1"]
[Black "Motuz,K"]
[Result "1-0"]
[WhiteElo "2557"]
[BlackElo "2369"]

1.Nf3 d5 2.d4 Nf6 3.c4 c6 4.Nc3 dxc4 5.a4 Bf5 6.Ne5 Nbd7 7.Nxc4 Qc7 8.g3 e5
9.dxe5 Nxe5 10.Bf4 Nfd7 11.Bg2 O-O-O 12.Nd5 cxd5 13.Nxe5 Bb4+ 14.Kf1 Nxe5
15.Rc1 Qxc1 16.Qxc1+ Nc6 17.h3 Rhe8 18.Bf3 Be4 19.Kg2 Bxf3+ 20.Kxf3 Re4 21.Rd1
f5 22.h4 g6 23.e3 Rc4 24.Qb1 Be7 25.b3 Rc3 26.Kg2 Bf6 27.Rc1 d4 28.exd4 Rxc1
29.Qxc1 Rxd4 30.Be3 Rb4 31.Bxa7 f4 32.Bc5 f3+ 33.Kxf3 Rxb3+ 34.Kg2 Rc3 35.Qh6
Bd8 36.Be3 Ne5 37.Qg7 {#r} 1-0

[Event "GRENKE Chess Open 2017"]
[Site "Karlsruhe GER"]
[Date "2017.04.14"]
[Round "3.33"]
[White "Harff,M"]
[Black "Baron,Ta"]
[Result "0-1"]
[WhiteElo "2351"]
[BlackElo "2528"]

1.c4 c5 2.Nf3 Nf6 3.Nc3 d5 4.cxd5 Nxd5 5.e3 e6 6.Qa4+ Nc6 7.Ne5 Bd7 8.Nxd7
Qxd7 9.Be2 Ndb4 10.O-O Rd8 11.a3 Nd3 12.b4 cxb4 13.axb4 Bxb4 14.Rb1 a5 15.Na2
O-O 16.Qb5 Nce5 17.Qxd7 Rxd7 18.Nxb4 axb4 19.Bb2 Nc6 20.f4 Ra8 21.Bf3 f6
22.Rfd1 Ra2 23.Ba1 Na5 24.Kf1 Nc4 25.Ke2 Kf7 26.g3 Ndb2 27.Bxb2 Nxb2 28.Ra1
Ra3 29.Rdc1 f5 30.Rab1 Nd3 31.Rc8 b6 32.Bc6 Rd6 33.Bb5 Nc5 34.Rc7+ Kg6 35.Be8+
Kh6 36.g4 fxg4 37.Rg1 Ra2 38.Rxg4 Rdxd2+ 39.Kf3 Rf2+ {#R} 0-1

[Event "GRENKE Chess Open 2017"]
[Site "Karlsruhe GER"]
[Date "2017.04.14"]
[Round "3.34"]
[White "Popovic,Du"]
[Black "Kachiani-Gersinska,K"]
[Result "1-0"]
[WhiteElo "2523"]
[BlackElo "2366"]

1.e4 c6 2.Nc3 d5 3.Qe2 e6 4.d3 Nf6 5.e5 Nfd7 6.f4 b5 7.Nf3 b4 8.Nd1 a5 9.g3
Be7 10.Bh3 Nc5 11.b3 a4 12.Rb1 Qa5 13.Bb2 Bd7 14.O-O Nba6 15.f5 g6 16.Ne3
O-O-O 17.fxe6 fxe6 18.Ng4 a3 19.Bc1 Rdf8 20.Bh6 Rf7 21.Nf6 Bf8 22.Ng5 Re7
23.Bxf8 Rxf8 24.Nfxh7 Rh8 25.Rf8+ Re8 26.Rxe8+ Rxe8 27.Nf6 Re7 28.d4 Ne4
29.Ngxe4 dxe4 30.Nxe4 c5 31.Bf1 Nc7 32.Nxc5 Bc6 33.Bg2 Bxg2 34.Qxg2 Nd5 35.Rf1
Qb6 36.Rf8+ Kc7 37.Qh3 Nc3 38.Qh8 {#r} 1-0

[Event "GRENKE Chess Open 2017"]
[Site "Karlsruhe GER"]
[Date "2017.04.14"]
[Round "3.36"]
[White "Van Delft,M"]
[Black "Moskalenko,A"]
[Result "0-1"]
[WhiteElo "2347"]
[BlackElo "2514"]

1.e4 c6 2.d4 d5 3.Nc3 dxe4 4.Nxe4 Nd7 5.Nf3 Ngf6 6.Nxf6+ Nxf6 7.Bc4 Bf5 8.O-O
e6 9.c3 Bd6 10.Re1 Qc7 11.Ne5 O-O 12.Bf4 Nd5 13.Bg3 Rad8 14.Qf3 a5 15.a3 Nb6
16.Ba2 a4 17.h3 Ra8 18.Re2 Nd7 19.Rae1 Nxe5 20.Bxe5 Ra5 21.Bxd6 Qxd6 22.Re5
Rxe5 23.Rxe5 Qc7 24.Qe2 Rd8 25.f4 Kf8 26.g4 f6 27.Re3 Bg6 28.Bxe6 Qxf4 29.Ba2
Re8 30.Rxe8+ Bxe8 31.Qf2 Qe4 32.d5 cxd5 33.Qc5+ Qe7 34.Qxe7+ Kxe7 35.Bxd5 b6
36.Kf2 Kd6 37.Bg8 h5 38.gxh5 Bxh5 39.h4 Ke5 40.Kg3 {#R} 0-1

[Event "GRENKE Chess Open 2017"]
[Site "Karlsruhe GER"]
[Date "2017.04.14"]
[Round "3.37"]
[White "Lampert,J"]
[Black "Kerigan,D"]
[Result "1-0"]
[WhiteElo "2511"]
[BlackElo "2352"]

1.d4 d6 2.e4 Nf6 3.Nc3 g6 4.f4 Bg7 5.Bd3 e5 6.dxe5 dxe5 7.Nf3 exf4 8.Bxf4 O-O
9.Qd2 Nc6 10.O-O-O Ng4 11.Nd5 Be6 12.Nxc7 Rc8 13.Nd5 Bxd5 14.exd5 Qb6 15.c3
Nb4 16.Bb1 Qa5 17.Ne1 Rxc3+ 18.bxc3 Bxc3 19.Qxc3 Nxa2+ 20.Bxa2 Qxc3+ 21.Nc2
Rc8 22.Rd2 Qa1+ 23.Bb1 Qa3+ 24.Kd1 Qb2 25.Ke2 Re8+ 26.Kf3 h5 27.Rhd1 Qf6 28.h4
Rc8 29.g3 Rc3+ 30.Kg2 Qf5 31.Ne3 Nxe3+ 32.Bxe3 Qg4 33.Bf2 g5 34.d6 gxh4 35.d7
Rxg3+ 36.Bxg3 Qxg3+ 37.Kh1 {#r} 1-0

[Event "GRENKE Chess Open 2017"]
[Site "Karlsruhe GER"]
[Date "2017.04.14"]
[Round "3.39"]
[White "Mueller,Ra1"]
[Black "Dann,M"]
[Result "0-1"]
[WhiteElo "2346"]
[BlackElo "2493"]

1.d4 Nf6 2.Nf3 e6 3.c4 b6 4.g3 Ba6 5.Nbd2 Bb4 6.Qa4 Qe7 7.a3 Bxd2+ 8.Bxd2 O-O
9.Bg2 Bb7 10.O-O a5 11.Rfd1 d6 12.Rac1 Nbd7 13.Bg5 Rfc8 14.Ne1 Bxg2 15.Nxg2 c6
16.Ne3 h6 17.Bxf6 Qxf6 18.Qc2 a4 19.Qe4 Qd8 20.Kh1 Rab8 21.Rg1 b5 22.c5 d5
23.Qc2 Qf6 24.Qd2 e5 25.Ng4 Qe6 26.Nxe5 Nxe5 27.dxe5 Qxe5 28.Rge1 Re8 29.Rc3
Qh5 30.Rd3 Re4 31.Rd4 Rbe8 32.e3 Qf3+ 33.Kg1 g5 34.Qd1 Qf6 35.Kf1 Kg7 36.Qd2
Qf3 37.Kg1 Kg6 38.Rd1 h5 39.Qd3 h4 40.Qf1 hxg3 41.hxg3 f5 42.Rxe4 Rh8 43.Rh4
gxh4 44.Rd2 {#R} 0-1

[Event "GRENKE Chess Open 2017"]
[Site "Karlsruhe GER"]
[Date "2017.04.14"]
[Round "3.42"]
[White "Woellermann,J"]
[Black "Ginsburg,G"]
[Result "1-0"]
[WhiteElo "2339"]
[BlackElo "2470"]

1.d4 Nf6 2.c4 e6 3.Nf3 d5 4.g3 Bb4+ 5.Bd2 Be7 6.Bg2 O-O 7.O-O c6 8.Qc2 b6
9.Bf4 Bb7 10.Ne5 Nfd7 11.Nxd7 Nxd7 12.e4 Rc8 13.Rd1 Bg5 14.Bxg5 Qxg5 15.Nd2
Rfd8 16.Rac1 h6 17.b4 Qe7 18.c5 a5 19.a3 axb4 20.axb4 e5 21.Nf3 bxc5 22.bxc5
Qf6 23.Qb2 Ba6 24.dxe5 Qe6 25.Re1 Bc4 26.Nd4 Qe7 27.Nf5 Qe6 28.Qd4 Rb8 29.exd5
cxd5 30.c6 Qxf5 31.c7 Nf8 {#r} 1-0

[Event "Zurich Korchnoi Open 2017"]
[Site "Zurich SUI"]
[Date "2017.04.14"]
[Round "2.2"]
[White "Van Wely,L"]
[Black "Moor,R"]
[Result "1-0"]
[WhiteElo "2669"]
[BlackElo "2397"]

1.c4 Nf6 2.Nc3 d5 3.cxd5 Nxd5 4.g3 g6 5.Bg2 Nxc3 6.bxc3 Bg7 7.Rb1 Nd7 8.Nf3
O-O 9.O-O Nb6 10.Qc2 Bd7 11.d4 c5 12.dxc5 Na4 13.Rxb7 Nxc5 14.Rb4 Rc8 15.Be3
Qa5 16.Bd4 Bxd4 17.Rxd4 Be6 18.c4 Rfd8 19.Rfd1 Rxd4 20.Nxd4 Bd7 21.Nb3 Ba4
22.Nxa5 Bxc2 23.Nc6 Bxd1 24.Nxe7+ Kf8 25.Nxc8 Bxe2 26.Bf1 Bxf1 27.Kxf1 a5
28.Ke2 Ne4 29.Ke3 Nc3 30.a3 Nb1 31.a4 Ke8 32.Nd6+ Kd7 33.Nb5 Kc6 34.Kd3 {#r}
1-0

[Event "Zurich Korchnoi Open 2017"]
[Site "Zurich SUI"]
[Date "2017.04.14"]
[Round "2.5"]
[White "Aeschbach,P"]
[Black "Berkes,F"]
[Result "0-1"]
[WhiteElo "2326"]
[BlackElo "2648"]

1.c4 Nf6 2.g3 e5 3.Bg2 c6 4.d4 d6 5.Nc3 Nbd7 6.e4 exd4 7.Qxd4 Qb6 8.Nf3 Ne5
9.Qxb6 axb6 10.Nxe5 dxe5 11.Be3 Be6 12.Bxb6 Bxc4 13.Bf1 Bxf1 14.Rxf1 Bb4 15.f3
Nd7 16.Be3 Bxc3+ 17.bxc3 Ra3 18.Kd2 Kd8 19.Rfb1 Kc7 20.Rb3 Ra5 21.c4 Rha8
22.a3 c5 23.Kc2 Kc6 24.Kb2 Nb6 25.Rc1 Ra4 26.Rbc3 h5 27.h4 Rd8 28.Kb3 Ra6
29.Kc2 Rda8 30.Ra1 f6 31.Bc1 Nd7 32.Rd3 Nf8 33.Rb1 Ne6 34.Bb2 Ra4 35.Kc3 Nd4
36.Re1 Rxa3+ 37.Bxa3 Rxa3+ 38.Kd2 Nxf3+ {#R} 0-1

[Event "Zurich Korchnoi Open 2017"]
[Site "Zurich SUI"]
[Date "2017.04.14"]
[Round "2.6"]
[White "Guseinov,G"]
[Black "Kolbus,D"]
[Result "1-0"]
[WhiteElo "2643"]
[BlackElo "2308"]

1.e4 e5 2.Nf3 Nf6 3.Nxe5 d6 4.Nf3 Nxe4 5.d4 d5 6.Bd3 Be7 7.O-O Nc6 8.Nc3 Nxc3
9.bxc3 O-O 10.Re1 Be6 11.Rb1 Rb8 12.Bf4 Re8 13.h3 h6 14.Qd2 Bf8 15.Re3 Bd6
16.Ne5 Nxe5 17.dxe5 Bf8 18.Rg3 Kh8 19.Be3 Qc8 20.Rb4 Bf5 21.Rh4 Qe6 22.Bxh6
gxh6 23.Bxf5 Qxf5 24.Rxh6+ {#r} 1-0

[Event "Zurich Korchnoi Open 2017"]
[Site "Zurich SUI"]
[Date "2017.04.14"]
[Round "2.7"]
[White "Ganaus,H"]
[Black "Romanov,E"]
[Result "0-1"]
[WhiteElo "2289"]
[BlackElo "2640"]

1.d4 Nf6 2.c4 e6 3.Nc3 Bb4 4.Nf3 c5 5.e3 O-O 6.Bd2 cxd4 7.Nxd4 Nc6 8.a3 Be7
9.Be2 d6 10.O-O Bd7 11.Nxc6 Bxc6 12.b4 b6 13.Qb3 Nd7 14.f4 Qb8 15.Rad1 Bf6
16.Bc1 a6 17.Bf3 Rc8 18.Ne4 Be7 19.Bb2 b5 20.Rc1 Qb7 21.Nd2 Bxf3 22.gxf3 bxc4
23.Rxc4 Rxc4 24.Qxc4 Rc8 25.Qd3 a5 26.Nc4 axb4 27.Nxd6 Bxd6 28.Qxd6 b3 29.Qd4
f6 30.Rd1 Nb6 31.e4 Nc4 32.Rb1 Nxb2 33.Qxb2 Rc2 34.Qd4 b2 35.f5 Rc1+ 36.Kg2
Rxb1 {#R} 0-1

[Event "Zurich Korchnoi Open 2017"]
[Site "Zurich SUI"]
[Date "2017.04.14"]
[Round "2.8"]
[White "Ivanisevic,I"]
[Black "Rueetschi,U"]
[Result "1-0"]
[WhiteElo "2633"]
[BlackElo "2266"]

1.e4 e6 2.d4 d5 3.Nc3 Nf6 4.Bd3 c5 5.exd5 Nxd5 6.Nf3 Nc6 7.Nxd5 Qxd5 8.dxc5
Bxc5 9.c3 Bd7 10.Qe2 Rd8 11.Be4 Qh5 12.g4 Qh3 13.Bg5 h5 14.Bxd8 Nxd8 15.g5 Bc6
16.Rd1 g6 17.Rg1 h4 18.Bxc6+ Nxc6 19.Qe4 Ke7 20.Rg4 Bd6 21.Rd3 Bxh2 22.Nxh4
{#r} 1-0